Mercados de carbono : (Registro nro. 18789)

Detalles MARC
000 -CABECERA
Campo de control 01226nam a2200325 a 4500
005 - FECHA Y HORA DE LA ULTIMA TRANSACCION
Campo de control 20180803170309.0
008 - ELEMENTOS DE LONGITUD FIJA—INFORMACION GENERAL
Campo de control 140815s2012 ec gr 000 0 spa d
020 ## - ISBN
ISBN Cancelado/ Invalidado 9789942090638
040 ## - FUENTE DE CATALOGACIÓN
Agencia catalogadora original CO-BoBLA
Agencia transcriptora CO-BoBLA
Agencia Modificadora CO-BoIAVH
041 0# - IDIOMA
Código de idioma para texto/pista de sonido o título separado Español
044 ## - PAÍS DE PUBLICACIÓN
País de publicación Ecuador
082 04 - NUMERO DE CLASIFICACION DECIMAL DEWEY
Número de clasificación 363.73874
Número del ítem L83m
100 1# - ASIENTO PRINCIPAL--NOMBRE PERSONAL
Nombre personal Lohmann, Larry
Término relacionado autor
9 (RLIN) 71646
245 10 - MENCION DE TITULO
Título Mercados de carbono :
Parte restante del título la neoliberalización del clima /
Mención de responsabilidad Larry Lohmann ; traducción Michelle Báez, María Helena Carbonell.
250 ## - MENCION DE EDICION
Mención de edición Primera edición
260 ## - PUBLICACION, DISTRIBUCION, ETC. (PIE DE IMPRENTA)
Lugar de publicación, distribución, etc. Quito :
Nombre del editor, distribuidor, etc. Ediciones Abya-Yala,
Fecha de publicación, distribución, etc. 2012.
300 ## - DESCRIPCION FISICA
Extensión 498 páginas ;
Dimensiones 18 x 10 cm.
504 ## - NOTA DE BIBLIOGRAFIA, ETC.
Nota de bibliografía Incluye referencias bibliográficas.
650 26 - ASIENTO SECUNDARIO DE MATERIA - TERMINO TEMATICO
Término temático o nombre geográfico como elemento de entrada Calentamiento global
9 (RLIN) 94196
650 26 - ASIENTO SECUNDARIO DE MATERIA - TERMINO TEMATICO
Término temático o nombre geográfico como elemento de entrada Cambio climático
9 (RLIN) 98479
650 24 - ASIENTO SECUNDARIO DE MATERIA - TERMINO TEMATICO
Término temático o nombre geográfico como elemento de entrada Emisiones de gases de efecto invernadero
9 (RLIN) 71649
650 26 - ASIENTO SECUNDARIO DE MATERIA - TERMINO TEMATICO
Término temático o nombre geográfico como elemento de entrada Protección ambiental
9 (RLIN) 71658
650 26 - ASIENTO SECUNDARIO DE MATERIA - TERMINO TEMATICO
Término temático o nombre geográfico como elemento de entrada Dióxido de carbono
Subdivisión general reducción de emisiones
-- Comercio
9 (RLIN) 71659
700 1# - ASIENTO SECUNDARIO - NOMBRE PERSONAL
Nombre personal Báez, Michelle
Término de relación traductor
9 (RLIN) 71652
700 1# - ASIENTO SECUNDARIO - NOMBRE PERSONAL
Nombre personal Carbonell, María Helena
Término de relación traductora
9 (RLIN) 71653
700 1# - ASIENTO SECUNDARIO - NOMBRE PERSONAL
Nombre personal Montalvo Rueda, Nadesha
Término de relación editora
9 (RLIN) 71654
700 1# - ASIENTO SECUNDARIO - NOMBRE PERSONAL
Nombre personal Acosta, Alberto
Término de relación editor
9 (RLIN) 4246
700 1# - ASIENTO SECUNDARIO - NOMBRE PERSONAL
Nombre personal Martínez, Esperanza
Término de relación editor
9 (RLIN) 71655
942 ## - ELEMENTOS ADICIONALES (KOHA)
Sistema de clasificación Dewey Decimal Classification
Tipo de ítem Libro
Existencias
Withdrawn status Lost status Sistema de Clasificación Damaged status No para préstamo Colección Inventariado Ubicación Permanente Ubicación actual Fecha de adquisición Fuente de Valor Valor Total Checkouts Número topográfico Inventario / Código de Barras Date last seen Ejemplar Price effective from Forma de adquisición Tipo de material
    Dewey Decimal Classification     General Inventariado 2017 Bogotá Bogotá 13/06/2016 Instituto 39000.00   LB-363.73874 L83m 040440 13/06/2016 Ej. 1 13/06/2016 Donación Libro